| 000 | 00377nam a2200145Ia 4500 | ||
|---|---|---|---|
| 008 | 230312s9999||||xx |||||||||||||| ||und|| | ||
| 020 | _a9781486020973 | ||
| 082 |
_a303.483 _bMAN-I |
||
| 100 | _aWhitman,E,Michael | ||
| 245 | 0 | _aRoadmap To Information Security | |
| 260 |
_bPearson _aAustralia _c2014 |
||
| 300 | _a618 | ||
| 650 |
_aComputer _vInformation Society |
||
| 942 | _cBK | ||
| 999 |
_c16978 _d16978 |
||